00413nam a22001337a 4500020001800000082001700018100001500035245006800050260003000118300001600148650004400164650004400208650002700252 a9780367374907 aZ000x54 B631 aBodh, P.C. aFarmers' suicides in India:ba policy malignancycby P. C. Bodh aNew YorkbRoutledgec2019 axiii, 270p. aFarmers -- India -- Social conditions.  aFarmers -- Suicidal behavior -- India.  aFarms, Small -- India.